<?xml version="1.0" encoding="UTF-8"?>
<record
    xmlns:xsi="http://www.w3.org/2001/XMLSchema-instance"
    xsi:schemaLocation="http://www.loc.gov/MARC21/slim http://www.loc.gov/standards/marcxml/schema/MARC21slim.xsd"
    xmlns="http://www.loc.gov/MARC21/slim">

  <leader>00442nam a2200133Ia 4500</leader>
  <controlfield tag="005">20250729165437.0</controlfield>
  <controlfield tag="008">250729s2005    xx            000 0 und d</controlfield>
  <datafield tag="041" ind1=" " ind2=" ">
    <subfield code="a">kan</subfield>
  </datafield>
  <datafield tag="082" ind1=" " ind2=" ">
    <subfield code="a">894.51 RAMK</subfield>
  </datafield>
  <datafield tag="100" ind1=" " ind2=" ">
    <subfield code="a">&#xCB0;&#xCAE;&#xCC7;&#xCB6;&#xCCD; &#xCAC;&#xCC6;.&#xC97;&#xCCB;</subfield>
    <subfield code="9">223955</subfield>
  </datafield>
  <datafield tag="245" ind1=" " ind2=" ">
    <subfield code="a">&#xC95;&#xCA8;&#xCCD;&#xCA8;&#xCA1;&#xCA6; &#xC9C;&#xCCD;&#xCA8;&#xCBE;&#xCA8;&#xCAA;&#xCC0;&#xCA0; &#xCAA;&#xCCD;&#xCB0;&#xCB6;&#xCB8;&#xCCD;&#xCA4;&#xCBF; &#xCAA;&#xCC1;&#xCB0;&#xCB8;&#xCCD;&#xC95;&#xCCD;&#xCB0;&#xCC1;&#xCA4;&#xCB0;&#xCC1;</subfield>
  </datafield>
  <datafield tag="260" ind1=" " ind2=" ">
    <subfield code="a">&#xCAC;&#xCC6;&#xC82;&#xC97;&#xCB3;&#xCC2;&#xCB0;&#xCC1;</subfield>
    <subfield code="c">2005</subfield>
  </datafield>
  <datafield tag="650" ind1=" " ind2=" ">
    <subfield code="a">Kannada</subfield>
    <subfield code="9">223956</subfield>
  </datafield>
  <datafield tag="999" ind1=" " ind2=" ">
    <subfield code="c">236163</subfield>
    <subfield code="d">236163</subfield>
  </datafield>
  <datafield tag="952" ind1=" " ind2=" ">
    <subfield code="0">0</subfield>
    <subfield code="1">0</subfield>
    <subfield code="4">0</subfield>
    <subfield code="7">0</subfield>
    <subfield code="a">AL</subfield>
    <subfield code="b">AL</subfield>
    <subfield code="d">2025-07-29</subfield>
    <subfield code="e">School Book Company</subfield>
    <subfield code="g">30.00</subfield>
    <subfield code="l">0</subfield>
    <subfield code="o">894.51 RAMK</subfield>
    <subfield code="p">BED01482</subfield>
    <subfield code="r">2025-07-29 16:54:37</subfield>
    <subfield code="v">30.00</subfield>
    <subfield code="w">2025-07-29</subfield>
    <subfield code="y">BK</subfield>
  </datafield>
</record>
